Statistics for Smallest Countries in the World

Click here to take the quiz!

General Stats

  • This quiz has been taken 31 times
  • The average score is 16 of 23

Answer Stats

AreaCountry% Correct
0.44 km²Vatican city
100%
61 km²San marino
96%
468 km²Andorra
93%
160 km²Liechtenstein
93%
430 km²Barbados
89%
2 km²Monaco
89%
460 km²Palau
82%
442 km²Antigua & Barbuda
79%
344 km²Grenada
79%
616 km²Saint lucia
79%
719 km²Singapore
79%
26 km²Tuvalu
79%
316 km²Malta
75%
21 km²Nauru
75%
747 km²Tonga
68%
780 km²Bahrain
64%
702 km²Micronesia
64%
181 km²Marshall islands
61%
751 km²Dominica
57%
300 km²Maldives
57%
261 km²Saint kitts & Nevis
32%
389 km²Saint Vincent & the Grenadines
29%
455 km²Seychelles
29%

Score Distribution

Percentile by Number Answered

Percent of People with Each Score

Your Score History

You have not taken this quiz